000 00358 a2200145 4500
001 177166
020 _a
040 _cMagnum
100 _aAndrade, Benedicto de
240 1 0 _aOrganizacao social e politica brasileira
_lpor
245 1 0 _aOrganizacao social e politica brasileira
362 0 _a1899
697 _aMAGNITO: ORGANIZACAO SOCIAL
942 _cBK
999 _c177166
_d177166